000 00338pab a2200157 454500
008 180718b2009 xxu||||| |||| 00| 0 eng d
100 _aSinha, Shantha
245 _aDeficit childhoods
260 _c2009
300 _ap.48-57.
362 _aAutumn
650 _aChildhood
773 _aIIC Quarterly
908 _aN
909 _a84536
999 _c84536
_d84536